| 000 | 00486nam a2200205Ia 4500 | ||
|---|---|---|---|
| 003 | 0100 | ||
| 008 | 130303s9999 xx 000 0 und d | ||
| 040 | _cARRUPELIB | ||
| 050 | _aBX830.1962A7M23 1968 | ||
| 245 | _aVatican II | ||
| 245 | _bthe constitution on the church | ||
| 260 | _aChicago IL | ||
| 260 | _bFranciscan HeraldPress | ||
| 260 | _C1965 | ||
| 300 | _a207p. | ||
| 300 | _b 22cm. | ||
| 650 | _bMarcel, gabriel | ||
| 700 | _aMcNamara, Kelvin (ed.) | ||
| 942 | 0 | 0 | _01 |
| 999 |
_c40551 _d40551 |
||